000 00778nam a2200217 a 4500
005 20230624064106.0
008 070208s2003 mx r 000 0 spa d
020 _a8482397745
035 _aUPN01000149235
049 _aCG
050 4 _aBJ1857 S7.5
_bP3.6
100 1 _aPacker, Alex J.
245 1 1 _a¡Qué maleducado! :
_bguía de buenas maneras para adolescentes que quieren llegar lejos y salir con éxito de situaciones comprometidas /
_cAlex J. Packer ; tr. David Izquierdo Gómez.
260 _aMadrid :
_bPalabra,
_c2003.
300 _a556 p.
440 0 _aEdu.com
534 _pTraducción de:
_tHow rude : the teenager's guide to good manners
650 4 _aETIQUETA PARA NIÑOS Y JOVENES
_916370
650 4 _aRelaciones interpersonales
_91551
905 _aLibro
999 _c121376
_d121376